Deber moral y obligación natural

Guardat en:
Dades bibliogràfiques
Autor principal: Moisset de Espanés, Luis (autor)
Format: Llibre
Idioma:espanyol
Publicat: Córdoba Universidad Nacional de Córdoba 1968
Matèries:
Etiquetes: Afegir etiqueta
Sense etiquetes, Sigues el primer a etiquetar aquest registre!

MARC

LEADER 00000nam a2200000 a 4500
001 UCS1339
003 CL-VaPUC
008 970509e19680000AG |||||||||||||||||spa|d
082 0 4 |a 346.02  |b MOI  |2 21 
100 |a Moisset de Espanés, Luis  |e autor  |9 548947 
245 1 0 |a Deber moral y obligación natural 
300 |a 60 p 
942 |c BK 
945 |d 19970509 00:00:00  |a paguirre 
260 |a Córdoba  |b Universidad Nacional de Córdoba  |c 1968 
650 0 |a Derecho civil  |9 255013 
650 0 |a Obligaciones   |9 255578 
650 0 |a Contratos  |9 255153 
650 0 |a Responsabilidad moral  |9 311092 
583 |a last modification  |c 19970509 00:00:00  |k Rodrigo Vera 
999 |c 259435  |d 259433 
952 |0 0  |1 0  |2 ddc  |4 0  |6 346_020000000000000_MOI_1968  |7 0  |8 A  |9 284160  |a BIBDER  |b BIBDER  |d 2019-11-19  |i 1845330  |o 346.02 MOI 1968  |p 1845330  |r 2023-01-25  |w 2019-11-19  |y MX  |k DER